Central Library OPAC University of Rajshahi

সমাজভাষাবিজ্ঞানের রূপরেখা / (Record no. 52635)

MARC details
000 -LEADER
fixed length control field 01034nam a2200253 a 4500
001 - CONTROL NUMBER
control field 52635
003 - CONTROL NUMBER IDENTIFIER
rucl marc code BD-RjUL
005 - DATE AND TIME OF LATEST TRANSACTION
control field 20211209075834.0
008 - FIXED-LENGTH DATA ELEMENTS--GENERAL INFORMATION
fixed length control field 160924s1989 bg ||||| |||| 00| 0 ben d
020 ## - INTERNATIONAL STANDARD BOOK NUMBER
Terms of availability : Tk. 100.00
035 ## - SYSTEM CONTROL NUMBER
System control number (BD-RjUL)52755
040 ## - CATALOGING SOURCE
Original cataloging agency BD-RjUL
Language of cataloging ben
Transcribing agency BD-RjUL
041 ## - LANGUAGE CODE
Language code of text/sound track or separate title ben
082 ## - DEWEY DECIMAL CLASSIFICATION NUMBER
Edition number 23
Classification number 306.44
Author mark and year NAS 1989
100 1# - MAIN ENTRY--PERSONAL NAME
Personal name নাথ, মৃণাল
9 (RLIN) 157404
245 10 - TITLE STATEMENT
Title সমাজভাষাবিজ্ঞানের রূপরেখা /
Statement of responsibility, etc. মৃণাল নাথ
260 ## - PUBLICATION, DISTRIBUTION, ETC. (IMPRINT)
Place of publication, distribution, etc. ঢাকা :
Name of publisher, distributor, etc. বাংলাদেশ ভাষা সমিতি,
Date of publication, distribution, etc. ১৯৮৯
300 ## - PHYSICAL DESCRIPTION
Pagination [৮], ১৪৬,[৪] পৃ. ;
Size ২২ সেমি.
490 ## - SERIES STATEMENT
Series statement বাংলাদেশ ভাষা সমিতি ;
Volume/sequential designation গ্রন্থমালা-৩
650 ## - SUBJECT ADDED ENTRY--TOPICAL TERM
Topical term or geographic name as entry element সমাজভাষা বিজ্ঞান
9 (RLIN) 157405
Topical term or geographic name as entry element Sociolinguistics
9 (RLIN) 158065
830 ## - SERIES ADDED ENTRY--UNIFORM TITLE
Uniform title বাংলাদেশ ভাষা সমিতি ;
Volume number/sequential designation গ্রন্থমালা-৩
942 ## - ADDED ENTRY ELEMENTS (KOHA)
Source of classification or shelving scheme Dewey Decimal Classification
Koha item type Books
Holdings
Lost status Source of classification or shelving scheme Damaged status Not for loan Collection code Permanent Location Current Location Shelving location Date acquired Cost, normal purchase price Total Checkouts Full call number Date last seen Date checked out Copy number Koha item type Source of acquisition
  Dewey Decimal Classification     Non-fiction Central Library, University of Rajshahi Central Library, University of Rajshahi   28/08/1990 100.00 4 B 306.44 NAS 1989 19/06/2022 12/06/2022 C-2 Books  
  Dewey Decimal Classification   Not For Loan Non-fiction Central Library, University of Rajshahi Central Library, University of Rajshahi Reading Room 28/08/1990 100.00   B 306.44 NAS 1989 27/09/2016   C-1 Books Muhammad Habibullah, Dhaka